Staré Mesto ukazuje, že zmeny k lepšiemu sú možné, hovorí starosta Starého Mesta Andrej Ďurkovský, kandidát na primátora Bratislavy

Bibliographic Details
Main Author: Hatala, Marián, 1958- (Author)
Format: Article
Language:Slovak
PhysicalDescription:Fotogr.
Subjects:

MARC

LEADER 00000nab a2200000 a 4500
001 vtls000838240
003 SK-MaSNL
005 20260302163541.0
008 160322c2002 xo 0 slo
015 |a SNBRB2003/07-18413 
035 |a CLN000189895 
040 |a SNKBUCL  |b slo  |c SNKBUCL  |e AACR2 
041 0 |a slo 
044 |a xo  |c SK 
080 |a 35-051  |2 UDC-MRF-SK2 
080 |a 929 Stern, Juraj  |2 UDC-MRF-SK2 
100 1 |a Hatala, Marián,  |d 1958-  |4 aut  |9 100416 
245 1 0 |a Staré Mesto ukazuje, že zmeny k lepšiemu sú možné,  |b hovorí starosta Starého Mesta Andrej Ďurkovský, kandidát na primátora Bratislavy  |c za rozhovor ďakuje Marián Hatala 
300 |b Fotogr. 
600 1 7 |a Stern, Juraj,  |d 1940-  |2 snkbucl  |9 106597 
655 7 |a články z novín a časopisov  |2 snkbucl  |9 267496 
773 0 |t Mosty  |g Roč. 11, č. 49 (2002), s. 6 
850 |a Slovenská národná knižnica v Martine 
852 |a SNK  |b KIS3GCP 
958 |a BX 
958 |a RBX 
999 |c 1383750  |d 1385680